[Event "11th 4NCL Congress Open"]
[Site "Harben House"]
[Date "2016.11.06"]
[Round "4.2"]
[White "Trent, Lawrence"]
[Black "Hand, Freddie"]
[Result "0-1"]
[BlackElo "2103"]
[WhiteElo "2463"]
[LiveChessVersion "1.4.8"]

1. c4 {[%clk 1:30:36]} c6 {[%clk 1:30:55]} 2. e4 {[%clk 1:30:52]} d5
{[%clk 1:31:20]} 3. exd5 {[%clk 1:31:17]} Nf6 {[%clk 1:31:46]} 4. Nc3
{[%clk 1:31:43]} cxd5 {[%clk 1:32:12]} 5. cxd5 {[%clk 1:32:08]} Nxd5
{[%clk 1:30:41]} 6. Nf3 {[%clk 1:32:34]} g6 {[%clk 1:30:38]} 7. Qb3
{[%clk 1:32:48]} Nb6 {[%clk 1:29:40]} 8. Bb5+ {[%clk 1:29:04]} N8d7
{[%clk 1:29:58]} 9. Ne5 {[%clk 1:22:02]} e6 {[%clk 1:30:26]} 10. d4
{[%clk 1:22:21]} Bg7 {[%clk 1:27:17]} 11. O-O {[%clk 1:04:13]} O-O
{[%clk 1:27:18]} 12. Bf4 {[%clk 0:59:47]} Nf6 {[%clk 1:05:04]} 13. Rad1
{[%clk 0:59:59]} Nfd5 {[%clk 0:58:06]} 14. Bc1 {[%clk 0:59:35]} a6
{[%clk 0:51:22]} 15. Be2 {[%clk 0:59:54]} Qc7 {[%clk 0:45:45]} 16. Bf3
{[%clk 0:49:27]} Rd8 {[%clk 0:32:58]} 17. Rfe1 {[%clk 0:43:30]} Nxc3
{[%clk 0:21:19]} 18. Qxc3 {[%clk 0:26:54]} Qd6 {[%clk 0:18:37]} 19. Qb3
{[%clk 0:24:16]} Bd7 {[%clk 0:10:50]} 20. Qe3 {[%clk 0:20:26]} Nd5
{[%clk 0:09:48]} 21. Qe4 {[%clk 0:20:20]} Bc6 {[%clk 0:09:02]} 22. Qh4
{[%clk 0:19:34]} Nb4 {[%clk 0:04:56]} 23. Bg5 {[%clk 0:15:01]} Re8
{[%clk 0:04:15]} 24. Bxc6 {[%clk 0:14:17]} Nxc6 {[%clk 0:04:26]} 25. Ng4
{[%clk 0:14:31]} Ne7 {[%clk 0:03:22]} 26. Nf6+ {[%clk 0:13:01]} Bxf6
{[%clk 0:03:51]} 27. Bxf6 {[%clk 0:13:30]} Nf5 {[%clk 0:02:46]} 28. Qh3
{[%clk 0:13:46]} Qf4 {[%clk 0:02:23]} 29. Be5 {[%clk 0:10:10]} Qg5
{[%clk 0:02:01]} 30. Qf3 {[%clk 0:09:01]} b5 {[%clk 0:01:31]} 31. Re4
{[%clk 0:07:17]} Rac8 {[%clk 0:01:01]} 32. g4 {[%clk 0:07:26]} Rc1
{[%clk 0:00:53]} 33. Bf4 {[%clk 0:07:06]} Nh4 {[%clk 0:00:56]} 34. Qe2
{[%clk 0:06:46]} Rxd1+ 35. Qxd1 {[%clk 0:07:15]} Qd5 {[%clk 0:01:45]} 36. f3
{[%clk 0:06:16]} f5 {[%clk 0:01:05]} 37. gxf5 {[%clk 0:01:29]} Qxf5
{[%clk 0:01:32]} 38. Kh1 {[%clk 0:00:58]} Qh3 {[%clk 0:00:52]} 39. Qe2 Qxf3+
{[%clk 0:00:32]} 40. Qxf3 {[%clk 0:01:33]} Nxf3 {[%clk 0:01:00]} 41. Bg3
{[%clk 0:00:46]} Nd2 {[%clk 0:00:38]} 42. Re2 {[%clk 0:01:08]} Nc4
{[%clk 0:00:40]} 43. d5 {[%clk 0:01:12]} Kf7 {[%clk 0:00:49]} 44. b3
{[%clk 0:01:38]} Nb6 {[%clk 0:00:40]} 45. Rf2+ {[%clk 0:01:25]} Kg7
{[%clk 0:00:40]} 46. d6 {[%clk 0:01:32]} Rd8 {[%clk 0:00:41]} 47. Rc2
{[%clk 0:01:39]} Nd5 {[%clk 0:00:47]} 48. Rc6 {[%clk 0:01:26]} a5
{[%clk 0:00:38]} 49. Be5+ {[%clk 0:01:14]} Kf7 {[%clk 0:00:42]} 50. Ra6
{[%clk 0:01:39]} Rd7 {[%clk 0:00:37]} 51. Rxa5 {[%clk 0:01:58]} b4
{[%clk 0:00:55]} 52. Kg2 {[%clk 0:01:10]} g5 {[%clk 0:00:44]} 53. Kf3
{[%clk 0:01:16]} Kg6 {[%clk 0:00:37]} 54. Ke4 {[%clk 0:01:27]} h5
{[%clk 0:00:36]} 55. Ra8 {[%clk 0:01:01]} Nf6+ {[%clk 0:00:37]} 56. Kd4
{[%clk 0:01:13]} Ng4 {[%clk 0:00:38]} 57. h3 {[%clk 0:01:11]} Nh6
{[%clk 0:00:52]} 58. Re8 0-1

[Event "11th 4NCL Congress Open"]
[Site "Harben House"]
[Date "2016.11.06"]
[Round "4.3"]
[White "Roe, Simon J"]
[Black "Hebden, Mark L"]
[Result "0-1"]
[BlackElo "2491"]
[WhiteElo "2210"]
[LiveChessVersion "1.4.8"]

1. Nf3 {[%clk 1:28:43]} Nf6 {[%clk 1:30:32]} 2. c4 {[%clk 1:29:07]} g6
{[%clk 1:30:48]} 3. g3 {[%clk 1:29:31]} Bg7 {[%clk 1:31:13]} 4. Bg2
{[%clk 1:29:57]} O-O {[%clk 1:31:35]} 5. O-O {[%clk 1:30:23]} d6 {[%clk 1:31:57]}
6. d4 {[%clk 1:30:45]} Nc6 {[%clk 1:31:57]} 7. Nc3 {[%clk 1:30:46]} Rb8
{[%clk 1:32:18]} 8. Qd3 {[%clk 1:30:02]} e5 {[%clk 1:30:29]} 9. d5
{[%clk 1:27:25]} Ne7 {[%clk 1:30:15]} 10. e4 {[%clk 1:24:51]} Ne8
{[%clk 1:30:19]} 11. Be3 {[%clk 1:14:24]} c5 {[%clk 1:30:11]} 12. dxc6
{[%clk 1:06:07]} bxc6 {[%clk 1:30:19]} 13. Rab1 {[%clk 0:58:21]} a5
{[%clk 1:29:27]} 14. Rfd1 {[%clk 0:56:20]} Ba6 {[%clk 1:26:37]} 15. Bc5
{[%clk 0:50:32]} Qc7 {[%clk 1:26:29]} 16. Bxd6 {[%clk 0:50:10]} Nxd6
{[%clk 1:25:37]} 17. Qxd6 {[%clk 0:50:35]} Qxd6 {[%clk 1:24:41]} 18. Rxd6
{[%clk 0:51:00]} Bxc4 {[%clk 1:25:05]} 19. b3 {[%clk 0:51:03]} Be6
{[%clk 1:20:25]} 20. Na4 {[%clk 0:49:42]} Rb4 {[%clk 1:13:42]} 21. Nc5
{[%clk 0:45:31]} Bg4 {[%clk 1:13:44]} 22. a3 {[%clk 0:43:07]} Rb5
{[%clk 1:13:43]} 23. Rc1 {[%clk 0:42:41]} Re8 {[%clk 1:09:23]} 24. h3
{[%clk 0:38:38]} Bxf3 {[%clk 0:52:41]} 25. Bxf3 {[%clk 0:38:48]} Bf8
{[%clk 0:51:24]} 26. Be2 {[%clk 0:21:21]} Nf5 {[%clk 0:35:19]} 27. Rxc6
{[%clk 0:16:05]} Rxc5 {[%clk 0:35:32]} 28. R6xc5 {[%clk 0:14:51]} Nd4
{[%clk 0:34:48]} 29. Bd1 {[%clk 0:09:03]} Bxc5 {[%clk 0:33:35]} 30. Rxc5
{[%clk 0:09:29]} f6 {[%clk 0:33:42]} 31. Rxa5 {[%clk 0:08:26]} Rc8
{[%clk 0:33:53]} 32. Bg4 {[%clk 0:08:37]} Rc1+ {[%clk 0:32:36]} 33. Kg2
{[%clk 0:09:02]} Re1 {[%clk 0:32:03]} 34. b4 {[%clk 0:07:52]} h5 {[%clk 0:32:04]}
35. Bc8 {[%clk 0:07:08]} Rxe4 {[%clk 0:31:55]} 36. Bb7 {[%clk 0:07:04]} Re2
{[%clk 0:32:02]} 37. Bd5+ {[%clk 0:07:15]} Kg7 {[%clk 0:31:05]} 38. h4
{[%clk 0:06:39]} g5 {[%clk 0:30:57]} 39. Ra7+ {[%clk 0:06:13]} Kh6
{[%clk 0:30:51]} 40. Bc4 {[%clk 0:05:46]} Rd2 {[%clk 0:30:49]} 41. hxg5+
{[%clk 0:05:19]} Kxg5 {[%clk 0:30:52]} 42. b5 {[%clk 0:04:18]} Rb2
{[%clk 0:30:53]} 43. a4 {[%clk 0:04:10]} h4 {[%clk 0:30:08]} 44. gxh4+
{[%clk 0:03:24]} Kf4 {[%clk 0:30:23]} 45. a5 {[%clk 0:01:58]} e4 {[%clk 0:30:36]}
46. Rd7 {[%clk 0:02:12]} Nf5 {[%clk 0:30:41]} 47. Kf1 {[%clk 0:01:42]} e3
{[%clk 0:28:14]} 48. fxe3+ {[%clk 0:01:36]} Nxe3+ {[%clk 0:28:39]} 49. Ke1
{[%clk 0:01:17]} Nxc4 {[%clk 0:28:57]} 50. Rd4+ {[%clk 0:01:41]} Ke3
{[%clk 0:29:21]} 51. Rd5 {[%clk 0:01:07]} Rb1+ {[%clk 0:27:47]} 52. Rd1
{[%clk 0:01:34]} Rxb5 {[%clk 0:28:04]} 53. Ra1 {[%clk 0:00:53]} Nxa5
{[%clk 0:28:10]} 54. Ra3+ {[%clk 0:00:54]} Rb3 {[%clk 0:26:36]} 55. Rxb3+
{[%clk 0:00:37]} Nxb3 {[%clk 0:26:58]} 56. h5 {[%clk 0:01:05]} Nd2
{[%clk 0:26:36]} 57. h6 {[%clk 0:00:45]} Nf3+ {[%clk 0:26:56]} 0-1

[Event "11th 4NCL Congress Open"]
[Site "Harben House"]
[Date "2016.11.06"]
[Round "4.4"]
[White "Kalavannan, Koby"]
[Black "Arkell, Keith C"]
[Result "0-1"]
[BlackElo "2450"]
[WhiteElo "2131"]
[LiveChessVersion "1.4.8"]

1. d4 {[%clk 1:30:59]} Nf6 {[%clk 1:29:56]} 2. c4 {[%clk 1:31:19]} e6
{[%clk 1:30:21]} 3. Nf3 {[%clk 1:31:45]} b6 {[%clk 1:30:47]} 4. g3
{[%clk 1:32:09]} Ba6 {[%clk 1:31:14]} 5. Qc2 {[%clk 1:32:33]} Bb7
{[%clk 1:30:42]} 6. Bg2 {[%clk 1:32:55]} Bb4+ {[%clk 1:30:26]} 7. Bd2
{[%clk 1:32:47]} Bxd2+ {[%clk 1:30:50]} 8. Nbxd2 {[%clk 1:32:23]} c5
{[%clk 1:31:03]} 9. d5 {[%clk 1:25:55]} exd5 {[%clk 1:31:21]} 10. cxd5
{[%clk 1:26:03]} Nxd5 {[%clk 1:24:53]} 11. Nc4 {[%clk 1:17:30]} O-O
{[%clk 1:18:20]} 12. Rd1 {[%clk 1:08:45]} Qe7 {[%clk 1:12:58]} 13. a3
{[%clk 1:06:48]} Nf6 {[%clk 1:11:52]} 14. Nd6 {[%clk 1:04:19]} Bc6
{[%clk 1:10:07]} 15. O-O {[%clk 1:00:33]} Ne4 {[%clk 1:08:44]} 16. Nf5
{[%clk 0:57:43]} Qe8 {[%clk 1:01:38]} 17. Nd2 {[%clk 0:52:14]} Nf6
{[%clk 0:54:59]} 18. e4 {[%clk 0:50:14]} g6 {[%clk 0:50:09]} 19. Qc3
{[%clk 0:38:59]} Qe6 {[%clk 0:44:25]} 20. Nh6+ {[%clk 0:37:38]} Kg7
{[%clk 0:44:31]} 21. g4 {[%clk 0:37:59]} Kxh6 {[%clk 0:42:45]} 22. g5+
{[%clk 0:38:03]} Kg7 {[%clk 0:42:37]} 23. Nc4 {[%clk 0:34:26]} Bb5
{[%clk 0:36:34]} 24. gxf6+ {[%clk 0:21:54]} Kh8 {[%clk 0:34:18]} 25. Nd6
{[%clk 0:14:05]} Bxf1 {[%clk 0:34:12]} 26. Kxf1 {[%clk 0:14:34]} Nc6
{[%clk 0:34:09]} 27. Bh3 {[%clk 0:14:32]} Qe5 {[%clk 0:34:12]} 28. Bxd7
{[%clk 0:12:28]} Nd4 {[%clk 0:33:26]} 29. Nb5 {[%clk 0:10:25]} Rad8
{[%clk 0:31:17]} 30. Rxd4 {[%clk 0:10:15]} cxd4 {[%clk 0:31:16]} 31. Qc6
{[%clk 0:10:25]} a6 {[%clk 0:27:37]} 32. Nc7 {[%clk 0:08:46]} d3 {[%clk 0:27:23]}
33. Bg4 {[%clk 0:05:28]} d2 {[%clk 0:25:17]} 0-1

[Event "11th 4NCL Congress Open"]
[Site "Harben House"]
[Date "2016.11.06"]
[Round "4.5"]
[White "Golding, Alex"]
[Black "Jackson, James P"]
[Result "0-1"]
[BlackElo "2311"]
[WhiteElo "2080"]
[LiveChessVersion "1.4.8"]

1. e4 {[%clk 1:30:50]} c5 {[%clk 1:30:55]} 2. Nf3 {[%clk 1:31:04]} e6
{[%clk 1:31:20]} 3. d4 {[%clk 1:31:08]} cxd4 {[%clk 1:31:42]} 4. Nxd4
{[%clk 1:31:34]} a6 {[%clk 1:32:05]} 5. Nc3 {[%clk 1:30:10]} Qc7 {[%clk 1:32:14]}
6. Bd3 {[%clk 1:28:02]} Nf6 {[%clk 1:32:02]} 7. O-O {[%clk 1:28:09]} b6
{[%clk 1:25:27]} 8. Qe2 {[%clk 1:27:37]} d6 {[%clk 1:25:46]} 9. a4
{[%clk 1:24:09]} Nbd7 {[%clk 1:25:40]} 10. Nb3 {[%clk 1:22:47]} Bb7
{[%clk 1:25:01]} 11. Be3 {[%clk 1:21:50]} Be7 {[%clk 1:23:55]} 12. Rad1
{[%clk 1:21:37]} O-O {[%clk 1:23:51]} 13. h3 {[%clk 1:21:29]} Rfe8
{[%clk 1:23:23]} 14. Rfe1 {[%clk 1:19:49]} Bf8 {[%clk 1:23:15]} 15. Bd4
{[%clk 1:18:31]} g6 {[%clk 1:19:59]} 16. Qd2 {[%clk 1:17:15]} Bg7
{[%clk 1:18:40]} 17. Bf1 {[%clk 1:16:32]} Rad8 {[%clk 1:18:30]} 18. Qg5
{[%clk 1:16:25]} e5 {[%clk 1:08:53]} 19. Be3 {[%clk 1:14:31]} Nxe4
{[%clk 1:09:08]} 20. Nxe4 {[%clk 1:14:54]} Bxe4 {[%clk 1:09:32]} 21. Bxa6
{[%clk 1:09:29]} d5 {[%clk 1:00:27]} 22. Rc1 {[%clk 1:05:53]} Ra8
{[%clk 0:57:42]} 23. Bb5 {[%clk 1:05:42]} d4 {[%clk 0:58:06]} 24. Bd2
{[%clk 1:03:20]} Bc6 {[%clk 0:58:27]} 25. Qg3 {[%clk 1:01:05]} Bxb5
{[%clk 0:55:45]} 26. axb5 {[%clk 1:01:27]} Qc4 {[%clk 0:56:09]} 27. Qd3
{[%clk 1:01:31]} Rec8 {[%clk 0:55:40]} 28. Qxc4 {[%clk 1:00:48]} Rxc4
{[%clk 0:56:08]} 29. c3 {[%clk 1:00:59]} d3 {[%clk 0:47:03]} 30. Ra1
{[%clk 1:00:33]} Rca4 {[%clk 0:47:07]} 31. Rxa4 {[%clk 1:00:57]} Rxa4
{[%clk 0:47:32]} 32. Nc1 {[%clk 1:01:21]} e4 {[%clk 0:46:10]} 33. b3
{[%clk 1:01:09]} Ra1 {[%clk 0:46:29]} 34. f3 {[%clk 0:56:16]} f5 {[%clk 0:46:43]}
35. Kf2 {[%clk 0:56:10]} Nf6 {[%clk 0:44:11]} 36. c4 {[%clk 0:55:41]} Bf8
{[%clk 0:37:25]} 37. b4 {[%clk 0:50:50]} Ra4 {[%clk 0:35:04]} 38. Nb3
{[%clk 0:45:44]} Bxb4 {[%clk 0:34:18]} 39. Bxb4 {[%clk 0:46:08]} Rxb4
{[%clk 0:34:35]} 40. Nd2 {[%clk 0:46:33]} Rb2 {[%clk 0:32:36]} 41. Rd1
{[%clk 0:46:51]} f4 {[%clk 0:25:31]} 42. fxe4 {[%clk 0:47:15]} Nxe4+
{[%clk 0:25:55]} 43. Ke1 {[%clk 0:47:41]} Nc5 {[%clk 0:21:18]} 44. Kf2
{[%clk 0:47:11]} Nb3 {[%clk 0:21:25]} 45. Ke1 {[%clk 0:47:33]} Nc5
{[%clk 0:17:34]} 46. Kf2 {[%clk 0:47:56]} Kf7 {[%clk 0:17:42]} 47. Kf3
{[%clk 0:48:16]} g5 {[%clk 0:18:07]} 48. Ne4 {[%clk 0:47:26]} Nxe4
{[%clk 0:18:00]} 49. Kxe4 {[%clk 0:47:50]} Rxg2 {[%clk 0:18:14]} 50. Rxd3
{[%clk 0:48:13]} Ke6 {[%clk 0:18:38]} 51. Rd8 {[%clk 0:47:02]} Re2+
{[%clk 0:16:56]} 52. Kf3 {[%clk 0:47:12]} Re3+ {[%clk 0:17:21]} 53. Kg2
{[%clk 0:47:32]} Kf5 {[%clk 0:13:58]} 54. Rf8+ {[%clk 0:46:38]} Ke4
{[%clk 0:12:12]} 55. c5 {[%clk 0:46:47]} bxc5 {[%clk 0:10:45]} 56. Re8+
{[%clk 0:46:54]} Kd5 {[%clk 0:10:51]} 57. Rxe3 {[%clk 0:47:10]} fxe3
{[%clk 0:11:12]} 58. Kf3 {[%clk 0:47:36]} c4 {[%clk 0:11:23]} 59. Kxe3
{[%clk 0:48:01]} Kc5 {[%clk 0:11:40]} 60. b6 {[%clk 0:48:25]} Kxb6
{[%clk 0:12:02]} 61. Kd4 {[%clk 0:48:22]} Kb5 {[%clk 0:12:25]} 0-1

[Event "11th 4NCL Congress Open"]
[Site "Harben House"]
[Date "2016.11.06"]
[Round "4.6"]
[White "Clarke, Brandon Gi"]
[Black "Mitra, Roman C"]
[Result "1-0"]
[BlackElo "2043"]
[WhiteElo "2288"]
[LiveChessVersion "1.4.8"]

1. e4 {[%clk 1:30:57]} d5 {[%clk 1:28:04]} 2. exd5 {[%clk 1:30:59]} Qxd5
{[%clk 1:28:10]} 3. Nc3 {[%clk 1:31:06]} Qd8 {[%clk 1:27:37]} 4. g3
{[%clk 1:29:52]} Nf6 {[%clk 1:24:19]} 5. Bg2 {[%clk 1:30:19]} e6 {[%clk 1:23:38]}
6. Nge2 {[%clk 1:30:27]} Be7 {[%clk 1:18:12]} 7. d3 {[%clk 1:30:56]} c5
{[%clk 1:16:25]} 8. Be3 {[%clk 1:31:03]} Qc7 {[%clk 1:11:08]} 9. O-O
{[%clk 1:08:35]} Bd7 {[%clk 1:08:47]} 10. d4 {[%clk 0:53:48]} Bc6
{[%clk 0:43:15]} 11. d5 {[%clk 0:48:42]} exd5 {[%clk 0:43:38]} 12. Nxd5
{[%clk 0:49:10]} Nxd5 {[%clk 0:37:18]} 13. Bxd5 {[%clk 0:49:11]} Bxd5
{[%clk 0:37:04]} 14. Qxd5 {[%clk 0:49:40]} O-O {[%clk 0:36:01]} 15. Nc3
{[%clk 0:47:15]} Na6 {[%clk 0:27:27]} 16. Bf4 {[%clk 0:26:39]} Qc8
{[%clk 0:25:26]} 17. Qd2 {[%clk 0:18:20]} Qf5 {[%clk 0:20:10]} 18. Nd5
{[%clk 0:18:00]} Bf6 {[%clk 0:17:59]} 19. c4 {[%clk 0:17:01]} Rfe8
{[%clk 0:15:33]} 20. Rae1 {[%clk 0:16:58]} h6 {[%clk 0:14:30]} 21. Qa5
{[%clk 0:16:22]} g5 {[%clk 0:11:40]} 22. Be3 {[%clk 0:16:03]} Re6
{[%clk 0:06:15]} 23. Qb5 {[%clk 0:14:57]} Rae8 {[%clk 0:04:42]} 24. Rd1
{[%clk 0:10:54]} Be5 {[%clk 0:02:10]} 25. Qxb7 {[%clk 0:10:47]} Qe4
{[%clk 0:02:01]} 26. Ne7+ {[%clk 0:11:04]} Qf4 1-0

[Event "11th 4NCL Congress Open"]
[Site "Harben House"]
[Date "2016.11.06"]
[Round "4.7"]
[White "Gibson, Christopher A"]
[Black "Jones, Steven A"]
[Result "0-1"]
[BlackElo "2215"]
[WhiteElo "1950"]
[LiveChessVersion "1.4.8"]

1. e4 {[%clk 1:30:57]} c5 {[%clk 1:30:04]} 2. c3 {[%clk 1:31:20]} Nf6
{[%clk 1:30:00]} 3. e5 {[%clk 1:31:42]} Nd5 {[%clk 1:30:27]} 4. d4
{[%clk 1:32:05]} cxd4 {[%clk 1:30:05]} 5. cxd4 {[%clk 1:31:54]} d6
{[%clk 1:29:15]} 6. Nf3 {[%clk 1:32:06]} Nc6 {[%clk 1:29:27]} 7. Bc4
{[%clk 1:31:43]} e6 {[%clk 1:29:35]} 8. O-O {[%clk 1:31:12]} Be7 {[%clk 1:29:43]}
9. Qe2 {[%clk 1:30:19]} O-O {[%clk 1:28:39]} 10. Re1 {[%clk 1:20:12]} a6
{[%clk 1:23:25]} 11. Nc3 {[%clk 1:15:07]} Nxc3 {[%clk 1:22:34]} 12. bxc3
{[%clk 1:15:30]} dxe5 {[%clk 1:22:42]} 13. Nxe5 {[%clk 1:14:09]} Nxe5
{[%clk 1:22:44]} 14. Qxe5 {[%clk 1:14:26]} Bd6 {[%clk 1:21:58]} 15. Qh5
{[%clk 1:05:49]} Qc7 {[%clk 1:19:03]} 16. Bd3 {[%clk 0:57:07]} g6
{[%clk 1:19:27]} 17. Qh6 {[%clk 0:55:15]} Qxc3 {[%clk 1:17:30]} 18. Bg5
{[%clk 0:54:46]} Qxd4 {[%clk 1:17:12]} 19. Rad1 {[%clk 0:52:23]} Qh8
{[%clk 1:13:51]} 20. Bc4 {[%clk 0:42:32]} Bb4 {[%clk 0:55:37]} 21. Re3
{[%clk 0:39:15]} Re8 {[%clk 0:52:44]} 22. Qh4 {[%clk 0:33:16]} Bf8
{[%clk 0:52:34]} 23. Red3 {[%clk 0:23:25]} b5 {[%clk 0:45:40]} 24. Qe4
{[%clk 0:10:43]} bxc4 {[%clk 0:40:39]} 25. Qxa8 {[%clk 0:11:11]} cxd3
{[%clk 0:40:48]} 26. Qc6 {[%clk 0:11:35]} Bd7 {[%clk 0:36:53]} 27. Qxd7
{[%clk 0:11:58]} Rb8 {[%clk 0:37:05]} 28. Qxd3 {[%clk 0:06:56]} Qe5
{[%clk 0:36:05]} 29. h4 {[%clk 0:05:05]} h6 {[%clk 0:31:36]} 30. Be3
{[%clk 0:05:11]} Qb5 {[%clk 0:31:43]} 31. Qd2 {[%clk 0:04:25]} Qh5
{[%clk 0:28:03]} 32. g3 {[%clk 0:04:03]} Rc8 {[%clk 0:22:50]} 33. Rb1
{[%clk 0:02:50]} Qf5 {[%clk 0:19:43]} 34. Rb7 {[%clk 0:01:10]} e5
{[%clk 0:17:55]} 35. Rb2 {[%clk 0:00:52]} h5 {[%clk 0:17:34]} 36. Qa5
{[%clk 0:00:46]} Qd3 {[%clk 0:14:26]} 37. Qb6 {[%clk 0:00:53]} Qc4
{[%clk 0:13:35]} 38. Kh2 {[%clk 0:00:48]} Qc6 {[%clk 0:13:13]} 39. Qxc6
{[%clk 0:00:41]} Rxc6 {[%clk 0:13:42]} 40. Rb8 {[%clk 0:00:45]} Kg7
{[%clk 0:13:55]} 41. Bh6+ {[%clk 0:00:33]} Kxh6 {[%clk 0:14:20]} 42. Rxf8
{[%clk 0:01:01]} Kg7 {[%clk 0:14:05]} 43. Ra8 {[%clk 0:01:19]} Rc2
{[%clk 0:14:22]} 44. Rxa6 {[%clk 0:01:41]} Rxf2+ {[%clk 0:14:48]} 45. Kg1
{[%clk 0:02:03]} Rb2 {[%clk 0:14:31]} 46. a4 {[%clk 0:02:20]} Ra2
{[%clk 0:12:19]} 47. Kf1 {[%clk 0:02:09]} e4 {[%clk 0:12:43]} 48. a5 e3
{[%clk 0:10:44]} 49. Ra7 {[%clk 0:01:26]} Kf6 {[%clk 0:10:59]} 50. a6
{[%clk 0:01:49]} Ke6 {[%clk 0:10:39]} 51. Ke1 {[%clk 0:01:56]} f6
{[%clk 0:10:28]} 52. Kf1 {[%clk 0:00:41]} Kf5 {[%clk 0:10:46]} 53. Re7
{[%clk 0:01:07]} Rxa6 {[%clk 0:10:13]} 54. Rxe3 {[%clk 0:01:35]} Kg4
{[%clk 0:10:33]} 55. Kg2 {[%clk 0:00:34]} Ra2+ 56. Kg1 {[%clk 0:00:57]} f5
{[%clk 0:11:14]} 57. Kf1 {[%clk 0:00:54]} f4 {[%clk 0:11:17]} 58. gxf4
{[%clk 0:01:12]} Kxf4 {[%clk 0:11:25]} 59. Re6 {[%clk 0:01:28]} Kf5
{[%clk 0:11:51]} 60. Rb6 {[%clk 0:01:46]} Ra4 {[%clk 0:11:58]} 61. Kg2
{[%clk 0:01:52]} Rxh4 {[%clk 0:12:24]} 62. Rb5+ {[%clk 0:02:15]} Kf6
{[%clk 0:12:40]} 63. Rb6+ {[%clk 0:02:33]} Kg5 {[%clk 0:13:04]} 64. Rb5+
{[%clk 0:02:54]} Kh6 {[%clk 0:13:30]} 0-1

[Event "11th 4NCL Congress Open"]
[Site "Harben House"]
[Date "2016.11.06"]
[Round "4.8"]
[White "Willow, Jonah B"]
[Black "Greet, Andrew N"]
[Result "0-1"]
[BlackElo "2464"]
[WhiteElo "1995"]
[LiveChessVersion "1.4.8"]

1. e4 {[%clk 1:30:59]} e6 {[%clk 1:26:05]} 2. d3 {[%clk 1:31:16]} d5
{[%clk 1:26:29]} 3. Nd2 {[%clk 1:31:41]} c5 {[%clk 1:26:37]} 4. g3
{[%clk 1:32:05]} Bd6 {[%clk 1:26:41]} 5. Bg2 {[%clk 1:32:26]} Ne7
{[%clk 1:27:00]} 6. f4 {[%clk 1:32:47]} Nbc6 {[%clk 1:25:33]} 7. Ngf3
{[%clk 1:32:59]} b6 {[%clk 1:24:24]} 8. O-O {[%clk 1:31:28]} Bc7 {[%clk 1:21:32]}
9. Re1 {[%clk 1:28:41]} Bb7 {[%clk 1:19:01]} 10. c3 {[%clk 1:28:01]} dxe4
{[%clk 1:18:45]} 11. dxe4 {[%clk 1:27:54]} Qd3 {[%clk 1:13:45]} 12. Bf1
{[%clk 1:24:40]} Qd7 {[%clk 1:14:08]} 13. Qc2 {[%clk 1:23:51]} f6
{[%clk 1:01:22]} 14. a4 {[%clk 1:11:56]} O-O {[%clk 0:57:54]} 15. Bc4
{[%clk 1:06:09]} Kh8 {[%clk 0:57:51]} 16. e5 {[%clk 1:05:18]} f5 {[%clk 0:38:27]}
17. g4 {[%clk 0:58:28]} Ng6 {[%clk 0:32:35]} 18. Ng5 {[%clk 0:47:49]} Nd4
{[%clk 0:22:39]} 19. cxd4 {[%clk 0:42:03]} Qxd4+ {[%clk 0:23:03]} 20. Kf1
{[%clk 0:42:24]} fxg4 {[%clk 0:23:06]} 21. Nde4 {[%clk 0:38:29]} Nxf4
{[%clk 0:21:48]} 22. Be3 {[%clk 0:26:39]} Qxe5 {[%clk 0:19:32]} 23. Nf6
{[%clk 0:22:50]} Ng6 {[%clk 0:19:24]} 24. Ngxh7 {[%clk 0:20:09]} Rxf6+
{[%clk 0:18:18]} 25. Nxf6 {[%clk 0:20:23]} Qxf6+ {[%clk 0:17:59]} 26. Bf2
{[%clk 0:16:01]} Nf4 {[%clk 0:17:21]} 27. Rad1 {[%clk 0:13:38]} Rf8
{[%clk 0:17:37]} 28. Rd2 {[%clk 0:13:37]} Qh6 {[%clk 0:16:46]} 29. Re3
{[%clk 0:12:10]} Qxh2 {[%clk 0:16:41]} 30. Bg1 {[%clk 0:11:50]} Nh3+
{[%clk 0:16:08]} 0-1

[Event "11th 4NCL Congress Open"]
[Site "Harben House"]
[Date "2016.11.06"]
[Round "4.9"]
[White "Player, Edmund C"]
[Black "Cobb, James E"]
[Result "0-1"]
[BlackElo "2434"]
[WhiteElo "2227"]
[LiveChessVersion "1.4.8"]

1. e4 {[%clk 1:30:58]} e5 {[%clk 1:30:34]} 2. Nf3 {[%clk 1:31:19]} Nc6
{[%clk 1:30:59]} 3. Bb5 {[%clk 1:31:39]} a6 {[%clk 1:31:21]} 4. Ba4
{[%clk 1:32:02]} Nf6 {[%clk 1:31:44]} 5. O-O {[%clk 1:32:18]} Be7
{[%clk 1:31:57]} 6. d3 {[%clk 1:32:36]} d6 {[%clk 1:30:23]} 7. c3
{[%clk 1:32:19]} O-O {[%clk 1:30:06]} 8. Nbd2 {[%clk 1:31:17]} Re8
{[%clk 1:25:33]} 9. Re1 {[%clk 1:30:10]} Bf8 {[%clk 1:25:33]} 10. Nf1
{[%clk 1:28:43]} Bd7 {[%clk 1:15:39]} 11. Ng3 {[%clk 1:21:24]} g6
{[%clk 1:14:53]} 12. h3 {[%clk 1:18:12]} Bg7 {[%clk 1:15:02]} 13. d4
{[%clk 1:08:28]} b5 {[%clk 1:02:19]} 14. Bc2 {[%clk 1:07:55]} a5 {[%clk 1:01:27]}
15. Be3 {[%clk 1:03:30]} a4 {[%clk 0:59:10]} 16. b3 {[%clk 0:52:14]} exd4
{[%clk 0:42:30]} 17. cxd4 {[%clk 0:47:38]} Nb4 {[%clk 0:42:51]} 18. Bb1
{[%clk 0:27:45]} Qe7 {[%clk 0:40:51]} 19. Bd2 {[%clk 0:21:16]} Nc6
{[%clk 0:35:25]} 20. Bd3 {[%clk 0:18:06]} Reb8 {[%clk 0:33:02]} 21. Qe2
{[%clk 0:14:34]} b4 {[%clk 0:31:28]} 22. Rab1 {[%clk 0:05:18]} axb3
{[%clk 0:27:00]} 23. axb3 {[%clk 0:05:46]} Ra2 {[%clk 0:25:38]} 24. Qe3
{[%clk 0:03:40]} Na5 {[%clk 0:19:59]} 25. Rec1 {[%clk 0:02:19]} Ra3
{[%clk 0:19:42]} 26. Bf1 {[%clk 0:02:28]} c5 {[%clk 0:09:41]} 27. dxc5
{[%clk 0:01:35]} dxc5 {[%clk 0:10:05]} 28. Rxc5 {[%clk 0:00:38]} Be6
{[%clk 0:06:51]} 29. Re5 {[%clk 0:00:33]} Nd7 {[%clk 0:06:24]} 30. Rxe6
{[%clk 0:00:34]} Qxe6 {[%clk 0:06:31]} 31. Ng5 {[%clk 0:00:34]} Qb6
{[%clk 0:04:27]} 32. Qf4 {[%clk 0:00:39]} Ne5 {[%clk 0:03:54]} 33. Be3
{[%clk 0:00:34]} Qf6 {[%clk 0:04:02]} 34. Nf3 {[%clk 0:00:31]} Rxb3
{[%clk 0:03:31]} 35. Rxb3 {[%clk 0:00:32]} Nxb3 {[%clk 0:03:35]} 36. Nxe5
{[%clk 0:00:39]} Qxe5 {[%clk 0:03:45]} 37. Bc4 {[%clk 0:01:07]} Qxf4
{[%clk 0:02:17]} 38. Bxf4 {[%clk 0:01:34]} Ra8 {[%clk 0:02:36]} 39. Bxb3
{[%clk 0:01:58]} Ra3 {[%clk 0:03:00]} 40. Bc4 {[%clk 0:00:47]} b3
{[%clk 0:03:04]} 41. Nf1 {[%clk 0:00:53]} b2 {[%clk 0:03:17]} 42. Nd2
{[%clk 0:01:06]} Ra1+ {[%clk 0:01:25]} 43. Kh2 {[%clk 0:01:32]} Bc3
{[%clk 0:01:21]} 44. Bd3 {[%clk 0:01:24]} Rd1 {[%clk 0:01:09]} 45. Bc2
{[%clk 0:00:36]} Bxd2 {[%clk 0:01:20]} 0-1